Statistics for First Names of 1990s Rock Singers

Click here to take the quiz!

General Stats

  • This quiz has been taken 538 times
    (415 since last reset)
  • The average score is 11 of 22

Answer Stats

First NameLast NameBand% Correct
KurtCobainNirvana
99%
DaveGrohlFoo Fighters, Nirvana
87%
CourtneyLoveHole
83%
EddieVedderPearl Jam
81%
Noel or LiamGallagherOasis
81%
ChrisCornellSoundgarden
74%
ThomYorkeRadiohead
70%
Billie JoeArmstrongGreen Day
63%
AnthonyKiedisRed Hot Chili Peppers
61%
MichaelStipeR.E.M.
57%
BillyCorganSmashing Pumpkins
56%
TrentReznorNine Inch Nails
51%
GavinRossdaleBush
43%
DamonAlbarnBlur
40%
LayneStaleyAlice in Chains
35%
RiversCuomoWeezer
33%
ScottWeilandStone Temple Pilots
33%
Zackde la RochaRage Against the Machine
33%
LesClaypoolPrimus
28%
JonathanDavisKorn
14%
StephenMalkmusPavement
10%
BradleyNowellSublime
9%

Score Distribution

Percentile by Number Answered

Percent of People with Each Score

Your Score History

You have not taken this quiz since the last reset